Shampanjapullojen koot - Statistics

Yleistilastot
  • Tätä visaa on pelattu 7 kertaa
  • Keskiarvotulos 5 / 15
Vastaustilastot
Hint Vastaus % Oikein
12.0 litraa Balthazar
60%
0.1875 litraa Picolo
60%
0.375 litraa Demi
40%
1.5 litraa Magnum
40%
6.0 litraa Methuselah
40%
15.0 litraa Nebuchadnezzar
40%
0.750 litraa Standard
40%
3.0 litraa Jeroboam
20%
18.0 litraa Melchior
20%
30.0 litraa Melchizedek
20%
27.0 litraa Primat
20%
4.5 litraa Rehoboam
20%
9.0 litraa Salmanazar
20%
20.0 litraa Solomon
20%
25.0 litraa Sovereign
20%
Ehtoja vastaavia visoja ei löytynyt
Tulosjakauma
Jokaisen tuloksen saaneiden osuus
Persentiili vastausten määrän mukaan
Tuloshistoriasi
Et ole pelannut tätä visaa